Werner Ihmels 1926-1949
| Main Author: | |
|---|---|
| Format: | Print Article |
| Language: | German |
| Check availability: | HBZ Gateway |
| Interlibrary Loan: | Interlibrary Loan for the Fachinformationsdienste (Specialized Information Services in Germany) |
| Published: |
1996
|
| In: |
Die Zeichen der Zeit
Year: 1996, Volume: 50, Issue: 5, Pages: 175-176 |
| Standardized Subjects / Keyword chains: | B
Ihmels, Werner 1926-1949
|
| IxTheo Classification: | KAJ Church history 1914-; recent history KBB German language area KDD Protestant Church |
MARC
| LEADER | 00000caa a22000002c 4500 | ||
|---|---|---|---|
| 001 | 83146304X | ||
| 003 | DE-627 | ||
| 005 | 20220720102840.0 | ||
| 007 | tu | ||
| 008 | 160405s1996 xx ||||| 00| ||ger c | ||
| 035 | |a (DE-627)83146304X | ||
| 035 | |a (DE-576)464824184 | ||
| 035 | |a (DE-599)GBV83146304X | ||
| 040 | |a DE-627 |b ger |c DE-627 |e rakwb | ||
| 041 | |a ger | ||
| 084 | |a 1 |2 ssgn | ||
| 100 | 1 | |0 (DE-588)121376818 |0 (DE-627)081267339 |0 (DE-576)171758749 |4 aut |a Mendt, Dietrich |d 1926-2006 | |
| 109 | |a Mendt, Dietrich 1926-2006 |a Mendt, Dieter 1926-2006 | ||
| 245 | 1 | 0 | |a Werner Ihmels 1926-1949 |
| 264 | 1 | |c 1996 | |
| 336 | |a Text |b txt |2 rdacontent | ||
| 337 | |a ohne Hilfsmittel zu benutzen |b n |2 rdamedia | ||
| 338 | |a Band |b nc |2 rdacarrier | ||
| 652 | |a KAJ:KBB:KDD | ||
| 689 | 0 | 0 | |d p |0 (DE-588)120662426 |0 (DE-627)704905507 |0 (DE-576)181935589 |2 gnd |a Ihmels, Werner |d 1926-1949 |
| 689 | 0 | |5 (DE-627) | |
| 773 | 0 | 8 | |i In |t Die Zeichen der Zeit |d Leipzig : Evangel. Verlagsanst., 1947 |g 50(1996), 5, Seite 175-176 |w (DE-627)130089419 |w (DE-600)500149-3 |w (DE-576)015623041 |x 0044-2038 |7 nnas |
| 773 | 1 | 8 | |g volume:50 |g year:1996 |g number:5 |g pages:175-176 |
| 935 | |a mteo | ||
| 935 | |i Blocktest | ||
| 951 | |a AR | ||
| ELC | |b 1 | ||
| ITA | |a 1 |t 1 | ||
| LOK | |0 000 xxxxxcx a22 zn 4500 | ||
| LOK | |0 001 3300103126 | ||
| LOK | |0 003 DE-627 | ||
| LOK | |0 004 83146304X | ||
| LOK | |0 005 20160405120857 | ||
| LOK | |0 008 160404||||||||||||||||ger||||||| | ||
| LOK | |0 040 |a DE-Tue135 |c DE-627 |d DE-Tue135 | ||
| LOK | |0 092 |o n | ||
| LOK | |0 852 |a DE-Tue135 | ||
| LOK | |0 852 1 |9 00 | ||
| LOK | |0 935 |a ixzs |a ixmi | ||
| LOK | |0 936ln |0 1442044721 |a KBB | ||
| LOK | |0 936ln |0 1442044640 |a KAJ | ||
| LOK | |0 936ln |0 1442050047 |a KDD | ||
| LOK | |0 939 |a 04-04-16 |b l01 | ||
| ORI | |a SA-MARC-ixtheoa001.raw | ||
| SYG | 0 | 0 | |a Ihmels, Carl Werner,1926-1949 |